000 01010nam a22003017a 4500
001 BR9503084
003 BR-BrBNA
005 20230928094501.0
007 ta
008 230509b bl.||||| |||| 00| 0 por d
040 _aBR-BrBNA
_bpor
_cBiblioteca Nacional de Agricultura
041 _a(Por)
072 _aP36; P32
_b3840
090 _ 3840 BR9503084
100 1 _aFerreira, L.
110 1 _aEscola Superior de Agricultura de Lavras, MG (Brasil)
_0Tese (Mestrado em Solos e Nutricao de Plantas)
245 1 _aAvaliacao indireta da erodibilidade em solos com altos teores de ferro e aspectos relacionados a mineralogia e micromorfologia
260 3 _aLavras, MG (Brasil):
_c1992.
300 _a82 p.
500 _a10 tables; 12 graphs; Bibliography p. 69-80 (70 ref.); Summaries (Eng, Por)
650 _aErosao do Solo
650 _aMineralogia
650 _aFerro
650 _aLatossolo Roxo Estruturado
650 _aLatossolo Roxo
909 _a202309
_bLucia
_c55
_dLucia Elande
942 _cBK
999 _c50965
_d50965